Statistics for Overwatch Characters by Ultimate

Click here to take the quiz!

General Stats

  • This quiz has been taken 9,089 times
    (5,760 since last reset)
  • The average score is 22 of 26

Answer Stats

Quote Hero % Correct
竜神の剣を喰らえ! Ryujin no ken wo kurae! (Eat the Dragons's blade!)Genji
99%
Die! Die! DIE!Reaper
99%
It's high noonMcCree
98%
龍が我が敵を喰らう! Ryuu ga waga teki wo kurau The dragon consumes my enemiesHanzo
94%
Meteor strike!Doomfist
94%
冻住,不许走! (Freeze, don't move!)Mei
93%
*beep boop*Bastion
93%
Justice rains from above!Pharah
92%
Nerf This!D.Va
91%
Personne n'échappe à mon regard. (No one can hide from my sight.)Widowmaker
91%
Fire in the hole!Junkrat
90%
I've got you in my sightsSoldier 76
90%
Apagando las luces (Turning off the lights)Sombra
87%
Molten Core!Torbjorn
86%
Time's up!Tracer
86%
Hammer down!Reinhardt
85%
Let's drop the beat!Lucio
85%
Helden sterben nicht! (Heroes never die!)Mercy
84%
Teleporter onlineSymmetra
81%
Cease your resistance!Orisa
80%
*roaring*Winston
79%
Огонь по готовности! (Fire at will!)Zarya
78%
Pass into the irisZenyatta
78%
Surrender to my will!Moira
72%
Warīhum quwitak! (وريهم قوتك ) (Show them your strength!)Ana
71%
Eat thisRoadhog
70%

Score Distribution

Percentile by Number Answered

Percent of People with Each Score

Your Score History

You have not taken this quiz since the last reset